000 02142nam a2200265Ia 4500
999 _c51594
_d51594
001 18585
003 GE_BSU
005 20231206150523.0
008 181216s2016||||ge |||||||||||||| ||geo||
020 _a9789941462337
040 _cGE_BSU
041 _ageo
080 _a378.4(479.223)(063) ბ-17
245 _a ბათუმის შოთა რუსთაველის სახელმწიფო უნივერსიტეტის 80 წლის იუბილესადმი მიძღვნილი სტუდენტთა საერთაშორისო სამეცნიერო კონფერენციის ნაშრომთა კრებული = International Students Scientific Conference Papers Honoring to the 80th Anniversary of Batumi Shota Rustaveli State University /
_cბათუმის შოთა რუსთაველის სახელმწ. უნ-ტი; სარედაქციო კოლეგია: ნათია წიკლაშვილი, მერაბ მეგრელიშვილი, გვანცა თურმანიძე [და სხვ.].
264 _aბათუმი:
_bბათუმის შოთა რუსთაველის სახელმწ. უნ-ტი,
_c2016.
300 _a421 გვ;
_b28 სმ.
541 _h16ლ.75თ.
653 _aბათუმის შოთა რუსთაველის სახელმწიფო უნივერსიტეტის იუბილე
653 _a სამეცნიერო კონფერენციის ნაშრომთა კრებული
700 _aწიკლაშვილი, ნათია
_eრედაქტორი
_96079
700 _aმეგრელიშვილი, მერაბ
_eრედაქტორი
_920600
700 _aთურმანიძე, გვანცა
_eრედაქტორი
_920601
710 _a ბათუმის შოთა რუსთაველის სახელმწ. უნ-ტი
_920602
942 _cBK
_2udc